000 00576nam a2200217Ia 4500
003 OSt
005 20220928144055.0
006 a|||||r|||| 00| 0
007 ta
008 220927b |||||||| |||| 00| 0 eng d
024 _a24071
037 _cTextual
040 _aSDCL
_cSDCL
_beng
041 _2eng
_aeng
082 _aX9:8.1'N9, N6
100 _aJ Schonberger Richard
_9506748
245 0 _aWorld class manufacturing
_b The next decade
260 _c1996
942 _hX9:8.1'N9, N6
_cTEXL
_2CC
999 _c825996
_d825996